| 000 | 01241aam a2200229 a 4500 | ||
|---|---|---|---|
| 003 | AR-RoUNCS | ||
| 005 | 20251219105746.0 | ||
| 008 | 141015s2012 ag gr 001 p spa | ||
| 015 | _aAR-2012 | ||
| 020 | _a978-987-1586-30-1 | ||
| 040 |
_aAR-BaBN _bspa _cAR-Ro-UNCS _eaacr |
||
| 044 |
_aag _car-c |
||
| 080 | 1 |
_a82-1(82) _22016 |
|
| 100 | 1 |
_aIriarte, Fabián O., _d1963- _eautor _4aut |
|
| 245 | 1 | 4 |
_aLas confesiones / _cFabián O. Iriarte. |
| 260 |
_aBuenos Aires : _bHuesos de Jibia, _c2012. |
||
| 300 |
_a91 p. ; _c20 cm. |
||
| 520 | 3 | _aLa voz elegíaca y sentimental de Irirarte acude a las formas taxonómicas de la teoría, o por lo menos tiene conciencia de ellas, pero no con el fin de acatar sus normas, sino para enunciar a partir de su devastación y construir una ley propia. Toda poesía, aun aquella que quiera desligarse del yo, no deja de tener un carácter autofiográfico, nos viene a decir Iriarte. A partir de esta hipótesis el autor enuncia. Pero a diferencia de una concepción que se afinca devotamente en la lírica confesional, el autor adopta este discurso percatándose de su naturaleza artificiosa. (Carlos Battilana). | |
| 650 | 7 |
_2embne _aLiteratura argentina |
|
| 655 | 7 |
_2embne _aPoesías |
|
| 942 |
_2udc _cLPD _n0 |
||
| 999 |
_c862 _d862 |
||